DFB Pokal - die letzten 8 seit 1990 - Statistiken

Allgemein
  • Dieses Quiz wurde 2.303 mal gespielt
    328 seit der letzten Aktualisierung
  • Das Durchschnittsergebnis liegt bei 241 aus 288
Antwortstatistiken
Saison Verein % Korrekt
1998 | 2016 | 2017 Bayern München
100%
2012 FC Bayern München
100%
2000 | 2002 | 2003 Bayern München
97%
1996 | 2008 | 2012 | +7 others Borussia Dortmund
97%
1995 Karlsruher SC
96%
2004 | 2005 | 2008 | +8 others Bayern München
95%
2025 Bayer 04 Leverkusen
94%
1991 | 1993 | 2006 | +6 others Eintracht Frankfurt
94%
1995 | 2001 | 2002 | +8 others FC Schalke 04
94%
2002 Hertha BSC Berlin
94%
1992 | 1993 | 1996 | 1997 Karlsruher SC
94%
2019 | 2021 | 2022 | +2 others Rasenballsport Leipzig
94%
1991 | 1995 | 2002 | +3 others 1. FC Köln
93%
1997 | 1999 | 2006 | 2014 Bayern München
93%
2023 FC Bayern München
93%
2025 VfB Stuttgart
93%
1990 | 1992 | 1994 | +7 others 1. FC Kaiserslautern
92%
1992 | 1993 | 1994 | +11 others Bayer Leverkusen
92%
1994 | 1997 | 2000 | +6 others SC Freiburg
92%
2003 SV Werder Bremen
92%
1990 | 1991 | 1992 | +12 others VfB Stuttgart
92%
1990 | 1991 | 1992 | +15 others Werder Bremen
92%
2001 1. FC Union Berlin
91%
1993 | 1996 | 2007 | +2 others 1. FC Nürnberg
90%
2007 | 2012 | 2016 Hertha BSC
90%
2024 Hertha BSC Berlin
90%
1995 | 1999 | 2007 | +8 others VfL Wolfsburg
90%
2020 | 2024 1. FC Saarbrücken
88%
2020 1. FC Union Berlin
88%
2005 | 2006 | 2015 | +2 others Arminia Bielefeld
88%
2022 | 2023 Union Berlin
88%
2024 1. FC St. Pauli
87%
2000 | 2006 | 2009 | +2 others 1. FSV Mainz 05
86%
1992 | 1995 | 1999 | +7 others Borussia Mönchengladbach
86%
1995 | 1997 | 2006 | 2022 FC St. Pauli
86%
1992 | 2005 | 2007 | 2022 Hannover 96
86%
2012 | 2021 KSV Holstein Kiel
86%
1994 Dynamo Dresden
85%
2010 | 2019 | 2025 FC Augsburg
85%
1990 | 1996 | 2020 | 2024 Fortuna Düsseldorf
83%
1997 | 2008 | 2009 | +4 others Hamburger SV
83%
2002 | 2003 | 2006 | 2008 TSV 1860 München
81%
2004 | 2008 | 2010 | +4 others TSG 1899 Hoffenheim
80%
1997 | 2000 | 2001 | +4 others VfL Bochum
80%
2000 | 2005 Hansa Rostock
79%
1990 Eintracht Braunschweig
78%
2004 | 2010 | 2012 SpVgg Greuther Fürth
78%
1990 | 1991 | 1998 | +3 others MSV Duisburg
76%
1994 Rot-Weiß Essen
75%
2021 Rot Weiß Essen
75%
2004 | 2007 | 2011 Alemannia Aachen
74%
2001 1. FC Magdeburg
73%
2016 | 2019 1. FC Heidenheim
72%
1992 | 2000 Stuttgarter Kickers
72%
2011 Energie Cottbus
71%
1997 FC Energie Cottbus
71%
2018 | 2019 SC Paderborn 07
70%
2022 Karlsruher SC
64%
1990 | 2006 | 2007 | 2013 Kickers Offenbach
64%
1998 SV Waldhof Mannheim
63%
2021 Jahn Regensburg
59%
1990 | 2010 VfL Osnabrück
59%
1993 | 1994 | 2008 Carl Zeiss Jena
58%
1998 KFC Uerdingen
58%
1991 Bayer Uerdingen
57%
1998 FC Carl Zeiss Jena
57%
2009 SV Wehen Wiesbaden
52%
2004 VfB Lübeck
49%
1999 | 2002 Rot-Weiß Oberhausen
48%
2003 SpVgg Unterhaching
48%
1996 FC 08 Homburg
42%
1998 Eintracht Trier
41%
1991 KSV Hessen Kassel
40%
1991 SG Wattenscheid 09
36%
1994 Tennis Borussia Berlin
32%
2017 Sportfreunde Lotte
27%
1999 Tennis Borussia Berlin
25%
1993 Chemnitzer FC
23%
1993 Hertha BSC Amateure
22%
1999 Sportfreunde Siegen
22%
1995 | 2005 Bayern München Amateure
12%
1996 FSV Lok Altmark Stendal
3%
Keine übereinstimmenden Quizze gefunden
Verteilung der Resultate
Anzahl Personen mit jedem Resultat
Perzentil nach korrekt beantworteten Fragen
Ihre Resultats-Entwicklung
Sie haben dieses Quiz seit der letzten Aktualisierung nicht gespielt